A " New" Delhi:transformation of the city after partition 1947-65: (Record no. 181199)

MARC details
000 -LEADER
fixed length control field 00629nam a22001937a 4500
005 - DATE AND TIME OF LATEST TRANSACTION
control field 20210906113632.0
010 ## - LCCN (DPL NO)
LC control number ENG-129829
020 ## - INTERNATIONAL STANDARD BOOK NUMBER
Terms of availability 795.00
International Standard Book Number 9788178442389
035 ## - SYSTEM CONTROL NUMBER
System control number EN-113361
037 ## - SOURCE OF ACQUISITION
Source of stock number/acquisition DBAD/PUB
082 ## - DEWEY DECIMAL CLASSIFICATION NUMBER
Classification number 954
100 ## - MAIN ENTRY--PERSONAL NAME
Personal name Bardiar,Nilendra
245 ## - TITLE STATEMENT
Title A " New" Delhi:transformation of the city after partition 1947-65:
Statement of responsibility, etc Nilendra Bardiar
250 ## - EDITION STATEMENT
Edition statement 2016
260 ## - PUBLICATION, DISTRIBUTION, ETC. (IMPRINT)
Name of publisher, distributor, etc K.K.Publications
Date of publication, distribution, etc 2016
Place of publication, distribution, etc New Delhi
270 ## - ADDRESS
Electronic mail address kkdevinder@vsnl.net
City New Delhi
Postal code 110002
Address 4806/24, Bharatram Road, Darya Ganj,
Telephone number 65185557, 64527574
300 ## - PHYSICAL DESCRIPTION
Extent 224p.
Dimensions 21cm (hbk)
942 ## - ADDED ENTRY ELEMENTS (KOHA)
Source of classification or shelving scheme Dewey Decimal Classification
Item type English Books
Classification part 954
Call number prefix BAR
Holdings
Withdrawn status Lost status Not for loan Collection code Home library Current library Date acquired Source of acquisition Cost, normal purchase price Full call number Barcode Copy number Cost, replacement price Koha item type
      Non-fiction Sarojini Nagar Sarojini Nagar 06/09/2021 DBAD/PUB 795.00 954 EN-113361 1 795.00 English Books

© Delhi Public Library
Hit Counter
free hit counter